[Event "Int. Stuttgarter Stadtmeisterschaft A"]
[Site "Ditzingen"]
[Date "2019.05.31"]
[Round "4.40"]
[White "Harig, Alexander"]
[Black "Dosch, Alexander"]
[Result "1/2-1/2"]
[WhiteElo "2076"]
[BlackElo "1831"]
[PlyCount "72"]
[EventDate "2019.??.??"]
[WhiteTeam "SK Schweich"]
[BlackTeam "SV Multatuli Ingelheim e.V."]

1. e4 e5 2. Nf3 Nf6 3. Nc3 Nc6 4. Bb5 Bc5 5. O-O d6 6. d3 Bg4 7. h3 Bh5 8. Be3
Nd7 9. Bxc5 Nxc5 10. Re1 Qd7 11. Qe2 O-O 12. Bxc6 bxc6 13. Qe3 Bxf3 14. Qxf3 f5
15. Qd1 fxe4 16. Nxe4 Ne6 17. Ng3 Rf7 18. Qd2 Raf8 19. Rf1 Nf4 20. Kh2 Rf6 21.
Ne2 Rh6 22. Nxf4 Rxf4 23. Qe3 g5 24. f3 c5 25. b3 Kf7 26. Rae1 Rfh4 27. Qxg5
Rxh3+ 28. Kg1 R3h5 29. f4 Rh1+ (29... Rxg5 30. fxg5+ Ke7 31. gxh6 $11) 30. Kf2
Rxf1+ 31. Rxf1 Rg6 32. Qh5 Qg4 33. Qxg4 Rxg4 34. fxe5 Rf4+ 35. Ke2 Rxf1 36.
Kxf1 d5 $11 1/2-1/2

[Event "Int. Stuttgarter Stadtmeisterschaft A"]
[Site "Ditzingen"]
[Date "2019.05.31"]
[Round "4.41"]
[White "DÃ¶lker, Kai"]
[Black "Jaster, Dirk"]
[Result "1-0"]
[WhiteElo "1927"]
[BlackElo "1863"]
[PlyCount "111"]
[EventDate "2019.??.??"]
[WhiteTeam "SV Stuttgart-Wolfbusch 1956 e.V."]
[BlackTeam "SC Feuerbach e. V."]

1. f4 d5 2. Nf3 Nf6 3. e3 b6 4. b3 e6 5. Bb2 Be7 6. Be2 Bb7 7. O-O Nbd7 8. c4
O-O 9. Nc3 Ne4 10. d3 Nxc3 11. Bxc3 Bf6 12. Ne5 Nxe5 13. fxe5 Bg5 14. Bd2 dxc4
15. bxc4 Qd7 16. Qe1 c5 17. Qg3 Bh6 18. Bc3 Qe7 19. h4 Kh8 20. Rf2 Rad8 21.
Raf1 Rd7 22. d4 cxd4 23. exd4 Qa3 24. Qh3 Rc7 25. Rb1 a5 26. Rxb6 Qc1+ 27. Kh2
Bf4+ 28. Rxf4 Qxf4+ 29. Qg3 Qxg3+ 30. Kxg3 Ra8 31. c5 g6 32. Bb5 Kg7 33. c6 Bc8
34. Bd2 f5 35. Bg5 Kf8 36. Bd8 Raa7 37. Bxc7 Rxc7 38. Kf4 Kg7 39. Be2 h6 40. a3
Kf7 41. Bf3 Ke7 42. Rb7 Kd8 43. Rb5 Ra7 44. d5 exd5 45. Rxd5+ Ke7 46. Rb5 Kd8
47. Ke3 Re7 48. Rxa5 Rc7 49. Kd4 Ke7 50. Rb5 g5 51. hxg5 hxg5 52. Kc5 g4 53.
Bd5 Ba6 54. Rb8 Bc8 55. Kb6 Kd8 56. Be6 1-0

[Event "Int. Stuttgarter Stadtmeisterschaft A"]
[Site "Ditzingen"]
[Date "2019.05.31"]
[Round "4.43"]
[White "Potapov, Aleksey"]
[Black "Kistler, Michael"]
[Result "1-0"]
[WhiteElo "1925"]
[BlackElo "1863"]
[PlyCount "42"]
[EventDate "2019.??.??"]
[WhiteTeam "Stuttgarter SF 1879"]
[BlackTeam "VfL Sindelfingen"]

1. e4 c6 2. d4 d5 3. Nc3 dxe4 4. Nxe4 Nd7 5. Nf3 Ngf6 6. Neg5 e6 7. Bd3 h6 8.
Nxe6 fxe6 9. Bg6+ Ke7 10. O-O Qc7 11. c4 Kd8 12. Re1 Bb4 13. Re2 Nf8 14. Ne5
Nxg6 15. Nxg6 Re8 16. c5 Qf7 17. Ne5 Qh5 18. Bf4 Qf5 19. Bg3 Ba5 20. Nf7+ Ke7
21. Nd6 Kf8 1-0

[Event "Int. Stuttgarter Stadtmeisterschaft A"]
[Site "Ditzingen"]
[Date "2019.06.01"]
[Round "5.1"]
[White "Sumets, Andrey"]
[Black "SchrÃ¶der, Jan-Christian"]
[Result "1/2-1/2"]
[WhiteElo "2585"]
[BlackElo "2569"]
[PlyCount "27"]
[EventDate "2019.??.??"]
[WhiteTeam "SF Lilienthal von 1971"]
[BlackTeam "SV 1920 Hofheim"]

1. d4 d5 2. c4 e6 3. Nf3 Nf6 4. Nc3 c5 5. cxd5 Nxd5 6. e4 Nxc3 7. bxc3 cxd4 8.
cxd4 Bb4+ 9. Bd2 Bxd2+ 10. Qxd2 O-O 11. Rc1 b6 12. Bd3 Bb7 13. O-O Nd7 14. Qe3
1/2-1/2

[Event "Int. Stuttgarter Stadtmeisterschaft A"]
[Site "Ditzingen"]
[Date "2019.06.01"]
[Round "5.2"]
[White "Nasuta, Grzegorz"]
[Black "Ciolek, Andreas"]
[Result "1/2-1/2"]
[WhiteElo "2518"]
[BlackElo "2241"]
[PlyCount "93"]
[EventDate "2019.??.??"]
[WhiteTeam "Godesberger SK 1929 e. V"]
[BlackTeam "Münchener SC 1836 e.V."]

1. e4 c6 2. d4 d5 3. Nc3 dxe4 4. Nxe4 Bf5 5. Qf3 e6 6. Bd3 Nf6 7. Nxf6+ Qxf6 8.
Bxf5 exf5 9. Bf4 Be7 10. O-O-O O-O 11. Qb3 b5 12. Nf3 a5 13. Qe3 Bd6 14. Be5
Qe6 15. d5 cxd5 16. Bxd6 Qxd6 17. Qd3 Qf4+ 18. Qd2 Qa4 19. Qxd5 Na6 20. Kb1
Rac8 21. Qb3 Qg4 22. Nd4 Rfd8 23. f3 Qxg2 24. Nxf5 a4 25. Qc3 b4 26. Ne7+ Kf8
27. Nxc8 Qxh1 28. Rxh1 bxc3 29. Nb6 a3 30. b3 Nc7 31. Nc4 Nb5 32. Kc1 g6 33.
Re1 f6 34. Re4 Kf7 35. Re3 f5 36. Ne5+ Kf6 37. Nd3 g5 38. f4 gxf4 39. Nxf4 Rd2
40. Rxc3 Rxh2 41. Rc5 Nd4 42. b4 Nf3 43. Kd1 Rd2+ 44. Kc1 Rh2 45. Kd1 Rd2+ 46.
Kc1 Rh2 47. Kd1 1/2-1/2

[Event "Int. Stuttgarter Stadtmeisterschaft A"]
[Site "Ditzingen"]
[Date "2019.06.01"]
[Round "5.3"]
[White "Morgunov, Daniel"]
[Black "Becker, Matthias"]
[Result "1-0"]
[WhiteElo "2290"]
[BlackElo "2287"]
[PlyCount "68"]
[EventDate "2019.??.??"]
[BlackTeam "BG Buchen"]

1. e4 g6 2. d4 Bg7 3. Nc3 c6 4. Bc4 d6 5. Bb3 Nf6 6. Nf3 O-O 7. O-O Bg4 8. h3
Bxf3 9. Qxf3 e5 10. dxe5 dxe5 11. Bg5 Na6 12. Qe3 Qe7 13. f4 h6 14. Bxf6 Bxf6
15. fxe5 Bg5 16. Qd4 Rad8 17. Qxa7 Nc5 18. Kh1 Qxe5 19. Rad1 Rxd1 20. Rxd1 Bd8
21. Rg1 Qg3 22. Ne2 Qf2 23. g3 Qf3+ 24. Rg2 Nxe4 25. Kh2 Qf1 26. Qxb7 Ng5 27.
Ng1 Nf3+ 28. Nxf3 Qxf3 29. Ba4 Bf6 30. Bxc6 Qf1 31. c3 Rd8 32. Bd5 Be5 33. c4
Rb8 34. Qa7 Rf8 1-0

[Event "Int. Stuttgarter Stadtmeisterschaft A"]
[Site "Ditzingen"]
[Date "2019.06.01"]
[Round "5.4"]
[White "Zuferi, Enis"]
[Black "Ikonnikov, Vyacheslav"]
[Result "1-0"]
[WhiteElo "2337"]
[BlackElo "2503"]
[PlyCount "152"]
[EventDate "2019.??.??"]
[WhiteTeam "Heilbronner SV"]
[BlackTeam "SF Bad Mergentheim"]

1. d4 Nf6 2. Nf3 e6 3. c4 Bb4+ 4. Nbd2 d5 5. Qa4+ Nc6 6. a3 Be7 7. e3 O-O 8.
Bd3 Nb8 9. Qc2 Nbd7 10. c5 a5 11. Ra2 c6 12. b4 b6 13. O-O bxc5 14. bxc5 Ba6
15. Bxa6 Rxa6 16. Bb2 a4 17. Bc3 Qa8 18. Rb2 Ne8 19. Rfb1 Ra7 20. Ne5 Nef6 21.
Nd3 Rc8 22. Rb4 Ne8 23. Nb2 Nc7 24. Rxa4 Nb5 25. Rxa7 Qxa7 26. Ra1 e5 27. a4
exd4 28. exd4 Bf6 29. Nb3 Nc7 30. Nd3 Na6 31. Na5 Qc7 32. Rb1 Rb8 33. Rxb8+
Ndxb8 34. Nb3 Qb7 35. g3 g6 36. Na5 Qe7 37. Qd2 h5 38. Qe3 Qd7 39. Ne5 Qc8 40.
Qf4 Qe6 41. Nf3 Kg7 42. Bd2 Qe4 43. h4 Qc2 44. Kg2 Qe4 45. Be3 Qe7 46. Kh2 Nc7
47. Qd6 Qxd6 48. cxd6 Ne6 49. Nb7 Kf8 50. a5 Ke8 51. Nc5 Nxc5 52. dxc5 Na6 53.
Bd4 Bxd4 54. Nxd4 Nxc5 55. Nxc6 Kd7 56. Ne5+ Ke6 57. d7 Nxd7 58. Nxd7 Kxd7 59.
Kg2 Kc6 60. Kf3 Kb5 61. Ke3 Kxa5 62. Kd4 Kb6 63. Kxd5 Kc7 64. Ke5 Kd7 65. Kf6
Ke8 66. f4 Kf8 67. f5 gxf5 68. Kxf5 Kg7 69. Kg5 Kh7 70. Kxh5 Kg7 71. Kg5 Kf8
72. Kf6 Kg8 73. h5 Kf8 74. h6 Kg8 75. g4 Kh8 76. Kxf7 Kh7 1-0

[Event "Int. Stuttgarter Stadtmeisterschaft A"]
[Site "Ditzingen"]
[Date "2019.06.01"]
[Round "5.5"]
[White "Antoniewski, Rafal"]
[Black "Poysti, Nathanael"]
[Result "1-0"]
[WhiteElo "2500"]
[BlackElo "2219"]
[PlyCount "73"]
[EventDate "2019.??.??"]

1. c4 c5 2. g3 Nc6 3. Bg2 g6 4. Nc3 Bg7 5. a3 d6 6. d3 e6 7. h4 h6 8. Nh3 Nge7
9. Nf4 b6 10. Bd2 Bb7 11. b4 Qd7 12. Qa4 O-O 13. Rb1 Rfd8 14. O-O Ne5 15. Qxd7
Rxd7 16. Bxb7 Rxb7 17. Rfc1 N7c6 18. Kg2 Rd8 19. f3 Re7 20. Be1 Ree8 21. Bf2
Rd7 22. g4 Rc8 23. g5 Ne7 24. Ne4 h5 25. Kh3 Nf5 26. bxc5 dxc5 27. a4 Nc6 28.
Nf6+ Bxf6 29. gxf6 Rb7 30. Bxc5 Ne5 31. Bf2 Nd7 32. a5 Rcb8 33. e4 Nd6 34. axb6
axb6 35. Bg3 Ne8 36. Ne2 e5 37. d4 1-0

[Event "Int. Stuttgarter Stadtmeisterschaft A"]
[Site "Ditzingen"]
[Date "2019.06.01"]
[Round "5.6"]
[White "Morgunov, Marc"]
[Black "Aring, Gerd"]
[Result "1-0"]
[WhiteElo "2364"]
[BlackElo "2180"]
[PlyCount "95"]
[EventDate "2019.??.??"]
[BlackTeam "SV Nürtingen 1920"]

1. e4 c5 2. Nf3 Nc6 3. d3 g6 4. g3 Bg7 5. Bg2 e6 6. O-O Nge7 7. Re1 d5 8. Nbd2
O-O 9. Nf1 Qc7 10. c3 dxe4 11. dxe4 Rd8 12. Qe2 e5 13. Bg5 h6 14. Bxe7 Nxe7 15.
Ne3 Be6 16. Nd2 a6 17. a4 b6 18. Ndc4 b5 19. Na3 Rab8 20. axb5 axb5 21. Nxb5
Qb7 22. Na3 Qxb2 23. Qxb2 Rxb2 24. Nac4 Rb3 25. Rec1 Rd3 26. Ra3 Rxa3 27. Nxa3
h5 28. Bf1 Rd7 29. Bc4 Bxc4 30. Naxc4 f6 31. Rd1 Rxd1+ 32. Nxd1 Bf8 33. Kf1 Kf7
34. Ke2 Ke6 35. Ndb2 f5 36. f3 fxe4 37. fxe4 g5 38. Nd3 Ng6 39. Kd2 g4 40. Kc2
Kf6 41. Kb3 Bh6 42. Kc2 h4 43. Nf2 hxg3 44. hxg3 Kg5 45. Ne3 Nf4 46. gxf4+ Kxf4
47. Nexg4 Bg5 48. Kd3 1-0

[Event "Int. Stuttgarter Stadtmeisterschaft A"]
[Site "Ditzingen"]
[Date "2019.06.01"]
[Round "5.7"]
[White "Hess, Max"]
[Black "Doll, Michael"]
[Result "0-1"]
[WhiteElo "2344"]
[BlackElo "2159"]
[PlyCount "74"]
[EventDate "2019.??.??"]
[WhiteTeam "SC Garching 1980 e.V."]
[BlackTeam "SV Nürtingen 1920"]

1. c4 e6 2. Nf3 d5 3. e3 Nf6 4. b3 Be7 5. Bb2 Nbd7 6. Nc3 O-O 7. Qc2 b6 8. cxd5
exd5 9. Be2 Bb7 10. Rc1 Re8 11. O-O Bf8 12. d4 c6 13. Bd3 Rc8 14. Qb1 g6 15.
Ne2 Ne4 16. Rfd1 Bd6 17. Ng3 Ndf6 18. Ne5 Nxg3 19. hxg3 Qe7 20. Qc2 Nd7 21.
Nxd7 Qxd7 22. Qe2 Rc7 23. Rc2 Qe7 24. Qf3 Qe6 25. Rdc1 Qe7 26. Re1 Qd7 27. Rce2
Rcc8 28. e4 Bb4 29. Rc1 dxe4 30. Bxe4 Bf8 31. d5 f5 32. dxc6 Bxc6 33. Bxc6 Rxc6
34. Rxc6 Rxe2 35. Qc3 Rxb2 36. Qc4+ Qf7 37. g4 fxg4 0-1

[Event "Int. Stuttgarter Stadtmeisterschaft A"]
[Site "Ditzingen"]
[Date "2019.06.01"]
[Round "5.8"]
[White "SchrÃ¶ter, Samuel"]
[Black "Kabisch, Thilo"]
[Result "0-1"]
[WhiteElo "2161"]
[BlackElo "2341"]
[PlyCount "60"]
[EventDate "2019.??.??"]
[WhiteTeam "SC BÃ¶blingen 1975 e.V."]
[BlackTeam "SK Schmiden/Cannstatt"]

1. c4 Nf6 2. Nc3 g6 3. g3 Bg7 4. Bg2 O-O 5. Nf3 d6 6. O-O e5 7. d3 h6 8. Rb1
Nh5 9. e4 Be6 10. Ne1 Nc6 11. f4 exf4 12. gxf4 f5 13. Bf3 fxe4 14. Bxh5 gxh5
15. f5 Bxf5 16. Qxh5 Qd7 17. Bxh6 Bh3 18. Ng2 Bxh6 19. Qxh6 Qg4 20. Qd2 Ne5 21.
Kh1 Bxg2+ 22. Qxg2 Qxg2+ 23. Kxg2 exd3 24. b3 a6 25. Nd5 c6 26. Ne7+ Kh7 27.
Nf5 Rf6 28. Rbe1 b5 29. Nxd6 Rg8+ 30. Kh1 d2 0-1

[Event "Int. Stuttgarter Stadtmeisterschaft A"]
[Site "Ditzingen"]
[Date "2019.06.01"]
[Round "5.9"]
[White "Khamenya, Vitalia"]
[Black "Neyman, Igor"]
[Result "1/2-1/2"]
[WhiteElo "1877"]
[BlackElo "2331"]
[PlyCount "45"]
[EventDate "2019.??.??"]
[WhiteTeam "SK GrÃ¤felfing"]
[BlackTeam "Stuttgarter SF 1879"]

1. e4 c5 2. d4 cxd4 3. c3 Nf6 4. e5 Nd5 5. Nf3 Nc6 6. Bc4 Nb6 7. Bb3 d5 8. exd6
Qxd6 9. O-O d3 10. Na3 Bf5 11. Nb5 Qd7 12. Nbd4 Bg6 13. Nxc6 Qxc6 14. Ne5 Qc5
15. Nxd3 Qd6 16. Nf4 Qxd1 17. Rxd1 Be4 18. Be3 e6 19. Bd4 Bc6 20. Nd3 Be7 21.
Ne5 Bf6 22. Nxc6 bxc6 23. Bxb6 1/2-1/2

[Event "Int. Stuttgarter Stadtmeisterschaft A"]
[Site "Ditzingen"]
[Date "2019.06.01"]
[Round "5.10"]
[White "Sprangers, Remco"]
[Black "Forster, Lukas"]
[Result "1-0"]
[WhiteElo "2230"]
[BlackElo "1745"]
[PlyCount "55"]
[EventDate "2019.??.??"]
[BlackTeam "Stuttgarter SF 1879"]

1. e4 g6 2. d4 Bg7 3. Nc3 d6 4. f4 Nc6 5. Be3 Nf6 6. Nf3 O-O 7. e5 Ng4 8. Bg1
dxe5 9. dxe5 Nb4 10. a3 Nc6 11. Bc4 a6 12. Qe2 b5 13. Bd5 Bb7 14. Rd1 Qc8 15.
Bc5 Re8 16. O-O h5 17. e6 f5 18. Nh4 Kh7 19. Ne4 Nd8 20. Ng5+ Kh6 21. h3 Nf6
22. Bb3 Ne4 23. Qe3 Bf6 24. Nhf3 Bc6 25. Nxe4 Bxe4 26. Rd7 Bc6 27. Ne5 Be4 28.
Qg3 1-0

[Event "Int. Stuttgarter Stadtmeisterschaft A"]
[Site "Ditzingen"]
[Date "2019.06.01"]
[Round "5.11"]
[White "Krockenberger, Martin"]
[Black "Gheng, Dominik"]
[Result "0-1"]
[WhiteElo "2186"]
[BlackElo "2061"]
[PlyCount "70"]
[EventDate "2019.??.??"]
[WhiteTeam "SK Schmiden/Cannstatt"]
[BlackTeam "Schach-Kids Bernhausen e.V."]

1. c4 e5 2. g3 Nf6 3. Bg2 d5 4. cxd5 Nxd5 5. Nc3 Nb6 6. Nf3 Nc6 7. O-O Be6 8.
d3 Be7 9. a3 O-O 10. b4 f5 11. Bb2 Bf6 12. b5 Nd4 13. Nxd4 exd4 14. Na4 Bd5 15.
Bh3 g6 16. Nc5 Qd6 17. Qc2 Rac8 18. Rac1 c6 19. Nxb7 Qe7 20. Na5 cxb5 21. Qd2
Na4 22. Bg2 Bxg2 23. Kxg2 Nc3 24. Bxc3 dxc3 25. Qa2+ Kh8 26. Rc2 Bg7 27. Rb1 a6
28. Kg1 f4 29. Rb4 f3 30. exf3 Rxf3 31. Qd5 Qf6 32. Nb7 Rf5 33. Qg2 Qb6 34. Re4
Bd4 35. Ree2 Rf7 0-1

[Event "Int. Stuttgarter Stadtmeisterschaft A"]
[Site "Ditzingen"]
[Date "2019.06.01"]
[Round "5.12"]
[White "Schulte, Torsten"]
[Black "Yi, Danny"]
[Result "0-1"]
[WhiteElo "2023"]
[BlackElo "2231"]
[PlyCount "60"]
[EventDate "2019.??.??"]
[WhiteTeam "SC Böblingen 1975 e.V."]
[BlackTeam "SF 59 Kornwestheim"]

1. d4 Nf6 2. c4 g6 3. Nc3 d5 4. cxd5 Nxd5 5. e4 Nxc3 6. bxc3 Bg7 7. Bc4 c5 8.
Ne2 Nc6 9. Be3 O-O 10. O-O Qc7 11. Rc1 b6 12. Qd2 Rd8 13. Rfd1 Bb7 14. f3 Rac8
15. Bf4 Qd7 16. d5 Ne5 17. Bb3 Ba6 18. c4 b5 19. cxb5 Bxb5 20. Nc3 c4 21. Bc2
Ba6 22. Be3 Qc7 23. Ne2 Qd6 24. Bxa7 Nd3 25. Bxd3 cxd3 26. Rxc8 Rxc8 27. Nc1
Qa3 28. Bb6 Rc2 29. Qe3 Qb2 30. Nxd3 Bxd3 0-1

[Event "Int. Stuttgarter Stadtmeisterschaft A"]
[Site "Ditzingen"]
[Date "2019.06.01"]
[Round "5.13"]
[White "MÃ¼ller, Thomas"]
[Black "Schwab, Matthias"]
[Result "1-0"]
[WhiteElo "2001"]
[BlackElo "2114"]
[PlyCount "71"]
[EventDate "2019.??.??"]
[WhiteTeam "SV SchÃ¶mberg"]
[BlackTeam "SC WeiÃŸe Dame Ulm e.V."]

1. d4 d5 2. Nf3 Nf6 3. e3 c5 4. b3 cxd4 5. exd4 Bg4 6. Be2 e6 7. O-O Bd6 8. h3
Bh5 9. c4 O-O 10. c5 Be7 11. b4 a5 12. b5 Ne4 13. Nfd2 Bxe2 14. Qxe2 Nxc5 15.
dxc5 Bf6 16. Nb3 a4 17. Bb2 axb3 18. a4 Nd7 19. Rc1 Rc8 20. c6 bxc6 21. Rxc6
Rxc6 22. bxc6 Nb6 23. Bxf6 Qxf6 24. Ra3 b2 25. Qa6 Qd4 26. Rd3 Qc5 27. Rc3 Nc4
28. Qb7 Qd6 29. c7 Qd7 30. a5 Rc8 31. a6 Nd6 32. Qxb2 Nb5 33. Rc5 Nxc7 34. Qb7
Rf8 35. Rxc7 Qa4 36. a7 1-0

[Event "Int. Stuttgarter Stadtmeisterschaft A"]
[Site "Ditzingen"]
[Date "2019.06.01"]
[Round "5.14"]
[White "Jerie, Sven"]
[Black "Scholtes, Benedikt"]
[Result "1/2-1/2"]
[WhiteElo "2060"]
[BlackElo "2046"]
[PlyCount "82"]
[EventDate "2019.??.??"]
[WhiteTeam "SG Ludwigsburg 1919"]
[BlackTeam "SG Trier"]

1. e4 d6 2. d4 Nf6 3. Nc3 Nbd7 4. Nf3 e5 5. Bc4 Be7 6. O-O h6 7. a4 c6 8. Qe2
Qc7 9. a5 g5 10. dxe5 dxe5 11. Nd2 Nf8 12. Nb3 Ng6 13. Nd1 Nf4 14. Bxf4 gxf4
15. c3 Rg8 16. Kh1 Rg5 17. Nd2 Qd6 18. Qd3 Qc7 19. Nf3 Rh5 20. Kg1 Bg4 21. Ne1
Rd8 22. Qc2 Rg5 23. Be2 Be6 24. Nf3 Rg7 25. b4 Bh3 26. Ne1 Qd7 27. Bf3 Nh7 28.
Kh1 Bg4 29. Qe2 h5 30. Nb2 Qe6 31. Nbd3 Ng5 32. Rg1 Bd6 33. Rd1 f5 34. exf5
Qxf5 35. Nc5 Bxc5 36. Rxd8+ Kxd8 37. bxc5 e4 38. Bxg4 hxg4 39. Nc2 Rh7 40. Rd1+
Ke8 41. Nd4 Qc8 1/2-1/2

[Event "Int. Stuttgarter Stadtmeisterschaft A"]
[Site "Ditzingen"]
[Date "2019.06.01"]
[Round "5.15"]
[White "Schmitz, Nico"]
[Black "Sanati, Charlotte"]
[Result "1-0"]
[WhiteElo "1969"]
[BlackElo "2059"]
[PlyCount "103"]
[EventDate "2019.??.??"]
[WhiteTeam "SF Konz-Karthaus"]
[BlackTeam "SG Trier"]

1. d4 d5 2. e3 Nf6 3. Bd3 e6 4. f4 c5 5. c3 Nc6 6. Nf3 Be7 7. O-O Qc7 8. Ne5
Bd7 9. Nd2 g6 10. Qf3 O-O 11. Qh3 Kg7 12. Ndf3 Nxe5 13. fxe5 Ng8 14. e4 h6 15.
Qg3 Bc6 16. exd5 Bxd5 17. h4 Bxf3 18. Rxf3 Qd8 19. Rxf7+ Rxf7 20. Qxg6+ Kh8 21.
Bxh6 Nxh6 22. Qxh6+ Kg8 23. Qg6+ Kf8 24. Bc4 Bxh4 25. Qh6+ Ke8 26. Qxe6+ Qe7
27. Qxf7+ Qxf7 28. Bxf7+ Kxf7 29. d5 Re8 30. Rf1+ Ke7 31. c4 Bg3 32. Rf5 Kd8
33. e6 Re7 34. Kf1 Kc7 35. Ke2 Kd6 36. Kf3 Be5 37. b3 Rg7 38. Rf8 Rg3+ 39. Kf2
Rg7 40. Rd8+ Kc7 41. Ra8 a6 42. g4 Bd6 43. Kf3 Rg5 44. Rh8 Rg7 45. Rh5 Kd8 46.
g5 Be5 47. Ke4 Bd6 48. Kf5 Be7 49. Rh8+ Kc7 50. g6 Kd6 51. Rh7 Rg8 52. g7 1-0

[Event "Int. Stuttgarter Stadtmeisterschaft A"]
[Site "Ditzingen"]
[Date "2019.06.01"]
[Round "5.16"]
[White "Schaffert, Walter"]
[Black "Blum, Frederik"]
[Result "0-1"]
[WhiteElo "2055"]
[BlackElo "1994"]
[PlyCount "78"]
[EventDate "2019.??.??"]
[WhiteTeam "SG Ludwigsburg 1919"]
[BlackTeam "Spvgg BÃ¶blingen"]

1. e4 c5 2. d3 Nc6 3. f4 d6 4. Nf3 g6 5. Be2 Bg7 6. O-O e6 7. c3 Nge7 8. Be3
O-O 9. Nbd2 Rb8 10. d4 cxd4 11. cxd4 d5 12. e5 Bd7 13. Nb3 b6 14. Rc1 Qc8 15.
Bd3 Qb7 16. Qe1 Rbc8 17. g4 a5 18. Qh4 Rfe8 19. f5 exf5 20. Bh6 Bh8 21. Ng5 Be6
22. Nxh7 Kxh7 23. Bg5+ Kg8 24. Bf6 Bg7 25. g5 Nxe5 26. Rxc8 Qxc8 27. dxe5 d4
28. Bb5 Bxb3 29. axb3 Nc6 30. Rf4 Nxe5 31. Bxe8 Qxe8 32. Bxg7 Kxg7 33. Qh3 Qc6
34. Qf1 d3 35. h4 d2 36. h5 Qd5 37. h6+ Kh7 38. Qd1 Qd3 39. Rf2 Qg3+ 0-1

[Event "Int. Stuttgarter Stadtmeisterschaft A"]
[Site "Ditzingen"]
[Date "2019.06.01"]
[Round "5.17"]
[White "Dudek, Richard"]
[Black "Petzold, Tristan"]
[Result "1-0"]
[WhiteElo "2240"]
[BlackElo "1947"]
[PlyCount "110"]
[EventDate "2019.??.??"]
[WhiteTeam "SC Eppingen"]
[BlackTeam "MÃ¶nchfelder SV 1967"]

1. e4 c5 2. Nc3 d6 3. g3 Nc6 4. Bg2 g6 5. d3 Bg7 6. Be3 Nf6 7. h3 O-O 8. Nge2
Rb8 9. Qd2 Re8 10. O-O b5 11. a3 a5 12. f4 b4 13. axb4 axb4 14. Nd1 Bb7 15. Nf2
Qc7 16. Kh2 Ra8 17. d4 cxd4 18. Nxd4 Nxd4 19. Bxd4 e5 20. Be3 exf4 21. Bxf4 Qc4
22. b3 Qb5 23. Rxa8 Bxa8 24. Re1 d5 25. e5 Ne4 26. Nxe4 dxe4 27. Bxe4 Bxe5 28.
Bxa8 Bxf4 29. Rxe8+ Qxe8 30. Qxf4 Qxa8 31. Qxb4 h5 32. h4 Qa2 33. Qc3 Qb1 34.
Qd2 Qb2 35. Qd3 Kh7 36. Kg2 Kg8 37. Kf3 Qb1 38. Ke2 Qg1 39. Kd2 Qf2+ 40. Kc1
Qe1+ 41. Kb2 Qe5+ 42. c3 Kh7 43. b4 f5 44. Qf3 Kg7 45. Kb3 Kf8 46. c4 Ke7 47.
b5 Qe1 48. Qd3 f4 49. gxf4 Qxh4 50. Qe4+ Kd8 51. b6 Qh3+ 52. Kb4 Qf1 53. c5 Qf2
54. Qd5+ Kc8 55. Qe6+ (55. Qc6+ Kd8 56. Qc7+ Ke8 57. b7 Qb2+ 58. Ka5 Qa3+ 59.
Kb6 Qb4+ 60. Ka7 Qa4+ 61. Kb8 h4 62. Qe5+ Kd7 63. Qd6+ Ke8 64. Kc8 h3 65. b8=Q
h2 66. Kb7+ Kf7 67. Qbf8#) 55... Kd8 1-0

[Event "Int. Stuttgarter Stadtmeisterschaft A"]
[Site "Ditzingen"]
[Date "2019.06.01"]
[Round "5.18"]
[White "Hefner, Felix"]
[Black "Gabriel, Robert"]
[Result "1-0"]
[WhiteElo "2004"]
[BlackElo "2242"]
[PlyCount "91"]
[EventDate "2019.??.??"]
[WhiteTeam "BG Buchen"]
[BlackTeam "Stuttgarter SF"]

1. d4 d5 2. c4 e6 3. Nf3 Nf6 4. g3 Bb4+ 5. Bd2 Be7 6. Bg2 O-O 7. Bc3 Ne4 8. O-O
Nd7 9. Nbd2 Nxc3 10. bxc3 b6 11. Re1 Bb7 12. e3 c5 13. Qb3 Rc8 14. a4 dxc4 15.
Nxc4 Bd5 16. Nfd2 Bxg2 17. Kxg2 Qc7 18. Kg1 cxd4 19. cxd4 Rfd8 20. a5 bxa5 21.
Rxa5 Rb8 22. Qa4 Rb7 23. Ra1 Ra8 24. Ra6 Nf6 25. Ne5 Qc3 26. Ndc4 Rc8 27. Rxa7
Rxa7 28. Qxa7 h5 29. Rb1 Qc2 30. Rb2 Qc1+ 31. Kg2 Ng4 32. Qxe7 Nxe5 33. Nxe5
Qxb2 34. Qxf7+ Kh7 35. Qxh5+ Kg8 36. Qf7+ Kh7 37. Qg6+ Kh8 38. Qxe6 Qb7+ 39. d5
Kh7 40. Nc6 Rc7 41. e4 Qb6 42. Qe8 Qb5 43. Qh5+ Kg8 44. Qe5 Rf7 45. Qe8+ Rf8
46. Ne7+ 1-0

[Event "Int. Stuttgarter Stadtmeisterschaft A"]
[Site "Ditzingen"]
[Date "2019.06.01"]
[Round "5.19"]
[White "FÃ¶rster, Bernhard"]
[Black "Fischer, Daniel"]
[Result "1/2-1/2"]
[WhiteElo "2151"]
[BlackElo "2018"]
[PlyCount "43"]
[EventDate "2019.??.??"]
[WhiteTeam "SK Bietigheim-Bissingen"]
[BlackTeam "SVG Offenburg"]

1. c4 c5 2. Nc3 Nc6 3. Nf3 g6 4. e3 Nf6 5. d4 cxd4 6. exd4 d5 7. cxd5 Nxd5 8.
Bc4 Nxc3 9. bxc3 Bg7 10. O-O O-O 11. Bf4 Na5 12. Be2 b6 13. Rc1 Be6 14. c4 Rc8
15. d5 Bg4 16. Nd2 Bxe2 17. Qxe2 Qd7 18. Nb3 Nb7 19. Rfd1 Rfe8 20. Be3 Qa4 21.
c5 bxc5 22. Nxc5 1/2-1/2

[Event "Int. Stuttgarter Stadtmeisterschaft A"]
[Site "Ditzingen"]
[Date "2019.06.01"]
[Round "5.20"]
[White "Steinhart, Christoph"]
[Black "Mareck, Sascha"]
[Result "0-1"]
[WhiteElo "1972"]
[BlackElo "2137"]
[PlyCount "66"]
[EventDate "2019.??.??"]
[WhiteTeam "TSV Schönaich"]
[BlackTeam "SV Nürtingen"]

1. e4 c5 2. c4 Nc6 3. Nc3 g6 4. g3 Bg7 5. Bg2 d6 6. d3 e6 7. Nge2 Nge7 8. a3
O-O 9. O-O Rb8 10. Rb1 Bd7 11. b4 b6 12. f4 Nd4 13. Kh1 f5 14. Be3 a6 15. Bg1
Qc7 16. Nxd4 cxd4 17. Ne2 e5 18. Qb3 Be6 19. b5 a5 20. a4 Kh8 21. Rbc1 Ng8 22.
Qa3 Nf6 23. exf5 Bxf5 24. h3 Nd7 25. g4 Be6 26. Rf3 Nc5 27. Rcf1 Qe7 28. Ng3
Bc8 29. fxe5 Rxf3 30. Bxf3 Bxe5 31. Ne4 Qh4 32. Nf2 Bb7 33. Bc6 Qg3 0-1

[Event "Int. Stuttgarter Stadtmeisterschaft A"]
[Site "Ditzingen"]
[Date "2019.06.01"]
[Round "5.21"]
[White "Gheng, Simona"]
[Black "Klings, Peter"]
[Result "1/2-1/2"]
[WhiteElo "1991"]
[BlackElo "2112"]
[PlyCount "31"]
[EventDate "2019.??.??"]
[WhiteTeam "SF Deizisau"]
[BlackTeam "Freibauer Mörlenbach-Birkenau"]

1. e4 c5 2. c4 Nc6 3. Nc3 e6 4. g3 Nf6 5. Bg2 d5 6. exd5 exd5 7. Nxd5 Nxd5 8.
Bxd5 Nb4 9. Be4 Nd3+ 10. Bxd3 Qxd3 11. Qe2+ Qxe2+ 12. Nxe2 Bg4 13. O-O O-O-O
14. f3 Be6 15. b3 Bf5 16. g4 1/2-1/2

[Event "Int. Stuttgarter Stadtmeisterschaft A"]
[Site "Ditzingen"]
[Date "2019.06.01"]
[Round "5.22"]
[White "Natzmer, Franz Helmut Medina"]
[Black "SchÃ¤dler, JÃ¼rgen"]
[Result "1/2-1/2"]
[WhiteElo "1877"]
[BlackElo "2098"]
[PlyCount "89"]
[EventDate "2019.??.??"]
[WhiteTeam "Proleter Westfalen"]
[BlackTeam "SVG Konstanz"]

1. c4 e5 2. Nc3 Bb4 3. e4 Bxc3 4. dxc3 d6 5. g3 Be6 6. b3 a5 7. a4 Na6 8. Bg2
Nf6 9. Qc2 Nc5 10. Be3 Nfd7 11. Nf3 f6 12. Nd2 O-O 13. O-O Rb8 14. f4 Qe7 15.
f5 Bf7 16. g4 c6 17. Kh1 Rfd8 18. Rg1 Kh8 19. Bf3 Rg8 20. Rg3 g5 21. h4 h6 22.
Kg2 Kg7 23. Rh1 Rh8 24. Rgh3 Rbg8 25. Kf2 Qd8 26. b4 Na6 27. Qb1 axb4 28. cxb4
c5 29. b5 Nb4 30. Bd1 Nb6 31. Bb3 Qa8 32. Qa1 Qa5 33. hxg5 hxg5 34. Rxh8 Rxh8
35. Rxh8 Kxh8 36. Qh1+ Kg7 37. Nf3 Nd3+ 38. Kg3 Nf4 39. Bd2 Qa8 40. Qf1 Qg8 41.
Kf2 Nxc4 42. Bxf4 gxf4 43. Qd3 Ne3 44. Bxf7 Qxf7 45. Qxd6 1/2-1/2